zpět

Detail výsledku týmu

Malibu Beer Bar, Klatovy

Datum a čas kvízu

27.5 Celkem bodů Celkový počet nahraných bodů na tomto kvízu bez doplňovacích otázek.
6. Pořadí na kvízu Konečné umístění týmu na tomto kvízu.

Zaznamenané odpovědi

# Otázka Odpověď Body Výsledky
1. Jedna česká politička se pochl... Alena Schillerová, lev 1
2. Bezpečnostní složky na kosmodr... raketoplán Buran 1
3. Který muž bude v příštích lete... Jiří Bartoška 1
4. Netradiční způsob přivítání zv... Albánie 1
5. Tým z jednoho krajského města... Brno, Nymburk 1
6. Podíváme se na pět reklam, z n... sázení (sázková kancelář, hazard) 1
7. Tento spot přijala veřejnost o... fazole 0
8. Spot je z roku 2014. Rada pro... T-Mobile 0
9. Tato televizní reklama na Fido... B) hodí panenku na kapotu a posádku omráčí airbagy 0
10. Spot režiséra Jakuba Koháka se... ÚAMK 0